Missing Word: Movie Words Ending in 'M' Quiz Stats

 Plays Quiz Updated Mar 25, 2017

Challenge
Share
Tweet
Embed
Score 0/20 Timer 04:00
0 Plays Today
Hint Missing Word % Correct
The _____ of the OperaPhantom
97.2%
Indiana Jones and the Temple of _____Doom
96.7%
Night at the _____ Museum
95.9%
A _____ with a ViewRoom
95.8%
For _____ the Bell TollsWhom
93.3%
Good Morning, _____Vietnam
93.3%
Space _____Jam
90.4%
_____ XMalcolm
89.9%
Fantastic Beasts and Where to Find _____ Them
85.1%
Pacific _____Rim
85%
Hint Missing Word % Correct
The _____ of All FearsSum
83.4%
The Bourne _____Ultimatum
83.2%
_____ of SolaceQuantum
77.8%
I Am _____Sam
75.9%
_____ for a DreamRequiem
75.5%
The Perfect _____Storm
73.6%
Scott _____ vs. the WorldPilgrim
68.9%
Moonrise _____Kingdom
54.6%
The _____ of Emily RoseExorcism
53.1%
_____ WritersFreedom
40.7%

Today's Daily Dose

You're not logged in!

Compare scores with friends on all Sporcle quizzes.
OR
Log In

You Might Also Like...

Show Comments

Extras

Top Quizzes Today


Score Distribution

Your Account Isn't Verified!

In order to create a playlist on Sporcle, you need to verify the email address you used during registration. Go to your Sporcle Settings to finish the process.

Report this User

Report this user for behavior that violates our Community Guidelines.

Details: